Vista normal
Vista MARC
Entrada Nombre personal
Número de registros utilizados en: 4
001 - NÚMERO DE CONTROL
- campo de control: 19533
003 - IDENTIFICADOR DEL NÚMERO DE CONTROL
- campo de control: BNPHU
005 - FECHA Y HORA DE LA ÚLTIMA TRANSACCIÓN
- campo de control: 20250221192641.0
008 - DATOS DE LONGITUD FIJA
- campo de control de longitud fija: 200615|| aca||aabn | a|a d
010 ## - NÚMERO DE CONTROL DE LA BIBLIOTECA DEL CONGRESO
- Número de control de LC: n 2002033420
040 ## - FUENTE DE LA CATALOGACIÓN
- Centro catalogador/agencia de origen: DO-SdBNP
- Lengua de catalogación: spa
- Centro/agencia transcriptor: BNPHU
- Normas de descripción: rda
100 1# - ENCABEZAMIENTO-NOMBRE DE PERSONA
- Nombre de persona: Moreno García, Bárbara,
- Fechas asociadas al nombre: 1964-
370 ## - LUGAR ASOCIADO
- Lugar de nacimiento: Santiago de los Caballeros (República Dominicana)
372 ## - CAMPO DE ACTIVIDAD
- Campo de actividad: Escritora
374 ## - OCUPACIÓN
- Ocupación: Novelista
- Ocupación: Ensaysta
- Ocupación: Poeta
375 ## - GÉNERO/SEXO
- Género/Sexo: Femenino
377 ## - LENGUA/LENGUAJE ASOCIADO
- Código del idioma: spa
- Término de lengua/lenguaje: Español
400 1# - TRAZADO DE VÉASE--NOMBRE DE PERSONA
- Nombre de persona: García, Bárbara Moreno, |d 1964-
670 ## - FUENTE DE DATOS ENCONTRADOS
- Cita de la fuente: Work cat.: (OSt)6815: Moreno García, Bárbara, 1964-, El Recorrido poético de Domingo Moreno Jimenes /, 2001.
670 ## - FUENTE DE DATOS ENCONTRADOS
- Identificador Uniforme del Recurso: https://authorities.loc.gov/cgi-bin/Pwebrecon.cgi?AuthRecID=5637031&v1=1&HC=1&SEQ=20250221192245&PID=TGhkhTOnzPY7dttdwSpSB66wdv Consultado en 21 de febrero, 2025
